Making the Matrix Work. The Agile Remix.
-д хадгалсан:
| Үндсэн зохиолчид: | , |
|---|---|
| Формат: | Үл мэдэгдэх |
| Хэвлэсэн: |
London, England; Boston, USA:
Nicholas Brealey Publishing,
2023.
|
| Хэвлэл: | Second edition. |
| Нөхцлүүд: | |
| Шошгууд: |
Шошго нэмэх
Шошго байхгүй, Энэхүү баримтыг шошголох эхний хүн болох!
|
MARC
| LEADER | 00000 a2200000 4500 | ||
|---|---|---|---|
| 003 | CL-VaPUC | ||
| 005 | 20241011102845.0 | ||
| 008 | 241010t2023 ||||| |||| 00| 0 eng d | ||
| 999 | |c 444916 |d 444914 | ||
| 020 | |a 978-1399810029 | ||
| 040 | |c Pontificia Universidad Católica de Valparaíso | ||
| 082 | |a 658.402 HAL 2023 | ||
| 100 | 1 | |a Hall, Kevan |e author |9 892179 | |
| 245 | |a Making the Matrix Work. |b The Agile Remix. | ||
| 250 | |a Second edition. | ||
| 260 | |a London, England; |a Boston, USA: |b Nicholas Brealey Publishing, |c 2023. | ||
| 300 | |a xxxii, 236 páginas. | ||
| 583 | |k GC |c 20241010 | ||
| 650 | |a Equipos en el lugar de trabajo |x Equipos autónomos |9 892180 | ||
| 650 | |a Trabajo hibrido |9 892181 | ||
| 650 | |a Organzaciones matriciales |9 892182 | ||
| 700 | |a Hall, Alan |e author |9 892183 | ||
| 942 | |2 ddc |c BK | ||
| 952 | |0 0 |1 0 |2 ddc |4 0 |6 658_402000000000000_HAL_2023 |7 0 |8 A |9 597288 |a BIBING |b BIBING |d 2024-10-10 |e 1 |g 32856.00 |i 5663048 |o 658.402 HAL 2023 |p 5663048 |r 2025-01-20 |t 1 |v 32856.00 |w 2024-10-10 |y BK |k EII | ||